000 00495cam a22001575a 4500
001 J100938
008 000000s1928 xxk 000 0 eng u
035 _a(Sirsi) u100938
110 _aSurveyors' Institution
_93783
245 0 4 _aThe incorporated benevolent fund of the Surveyors' Institution committee's report and balance sheet for the year 1927-28. To 30th June 1928.
260 _c1928
300 _a24p.
651 4 _aUnited Kingdom
_y
690 _aBusiness and management
942 _n0
999 _c99934
_d99934